Nové milénium je pre Grécko začiatok novej éry vývoja
Priaznivý vývoj gréckeho hospodárstva. Zlepšenie vzťahov s Tureckom. Obchodné prostredie v Grécku. Očakávaný vývoj ekonomických ukazovateľov. Grécka privatizácia.
Enregistré dans:
| Format: | Chapitre de livre |
|---|---|
| Langue: | slovaque |
| Sujets: | |
| Tags: |
Pas de tags, Soyez le premier à ajouter un tag!
|
MARC
| LEADER | 00000naa a2200000 4500 | ||
|---|---|---|---|
| 001 | r036819 | ||
| 005 | 20230824102307.9 | ||
| 041 | 0 | |a slo | |
| 044 | |a SK | ||
| 245 | 1 | 0 | |a Nové milénium je pre Grécko začiatok novej éry vývoja |
| 520 | |a Priaznivý vývoj gréckeho hospodárstva. Zlepšenie vzťahov s Tureckom. Obchodné prostredie v Grécku. Očakávaný vývoj ekonomických ukazovateľov. Grécka privatizácia. | ||
| 610 | 2 | 0 | |a vývoj hospodársky |
| 610 | 2 | 0 | |a vzťahy politické medzinárodné |
| 610 | 2 | 0 | |a prostredie ekonomické |
| 610 | 2 | 0 | |a ukazovatele ekonomické |
| 610 | 2 | 0 | |a privatizácia |
| 610 | 2 | 0 | |a Grécko |
| 610 | 2 | 0 | |a integrácia ekonomická medzinárodná |